000 00387 a2200169 4500
001 15937
020 _a85625183X
040 _cAnchieta - Bela Vista
100 _aBaraúna, Odete Rodrigues
240 1 0 _aPoesia pela cidadania
_lpor
245 1 0 _aPoesia pela cidadania
300 _a31
362 0 _a2004
440 1 _aScipione
650 4 _aLiteratura infanto-juvenil
942 _cBK
999 _c15937
_d15937